| 000 | 00490nam a2200181Ia 4500 | ||
|---|---|---|---|
| 999 |
_c40596 _d40596 |
||
| 003 | 0100 | ||
| 005 | 20170530091309.0 | ||
| 008 | 130303s9999 xx 000 0 und d | ||
| 040 | _cARRUPELIB | ||
| 050 | _aDT21.D8 1965 | ||
| 100 |
_aDu Bois, William Edward. Burghardt _931642 |
||
| 245 | 4 | _aThe World and Africa | |
| 245 | _ban inquiry into the part which Africa has played in world history | ||
| 260 |
_bInternational Publishers Inc _aNew York _c1965 |
||
| 300 | _a352p. | ||
| 300 | _b 23 cm | ||
| 650 |
_aAfrica _xHistory _922067 |
||
| 942 |
_2lcc _cMONOGRAPH |
||